000 00720cam a2200253 4500
008 090401t1998 xxu||||| |||| 00| 0 eng d
020 _a0854068481
035 _a(Sirsi) u81177
041 _aeng
050 _a690.3
100 _h
245 _aQuality assurance and the surveying professional. Volume 2: survey results for quality management and property surveyors.
260 _aLondon
_bRICS
_c1998
300 _avi,96p. ; 30cm.
350 _a0
650 _aBS EN ISO 9000
650 _aQUALITY ASSURANCE
650 _aQUALITY MANAGEMENT
650 _aSURVEYORS
690 _aMANAGEMENT-BUSINESS MANAGEMENT-PROFESSIONAL PRACTICE
700 _aGrover, Richard
942 _n0
948 _c01/10/1997
999 _c96679
_d96679